[Event "DEN-ch Seniors 65+"]
[Site "Odder"]
[Date "2019.02.14"]
[Round "4"]
[White "Andersson, Finn"]
[Black "Simonsen, Kurt"]
[Result "1-0"]
[WhiteElo "1837"]
[BlackElo "1657"]
[PlyCount "109"]
[EventDate "2019.02.11"]
[EventType "swiss"]
[EventRounds "7"]
[EventCountry "DEN"]
[SourceTitle "CBM 189 Extra"]
[Source "ChessBase"]
[SourceDate "2019.06.03"]
[SourceVersion "1"]
[SourceVersionDate "2019.06.03"]
[SourceQuality "1"]

1. e4 c5 2. f4 g6 3. Nf3 Nc6 4. c3 d6 5. d4 cxd4 6. cxd4 Bg4 7. d5 Nb8 8. Bb5+ Bd7 9. Qd4 f6 10. Bd3 Qa5+ 11. b4 Qc7 12. Nc3 a6 13. Bb2 b5 14. Rc1 Qa7 15. Qxa7 Rxa7 16. Ne2 e6 17. 0-0 e5 18. fxe5 dxe5 19. Nxe5 Bxb4 20. Nc6 Bxc6 21. dxc6 Rc7 22. e5 Rxc6 23. exf6 Kf7 24. Rxc6 Nxc6 25. Rc1 Nxf6 26. Rxc6 Be7 27. Bc2 Re8 28. Bb3+ Kg7 29. Ng3 Bd8 30. Kf2 a5 31. Kf3 a4 32. Bd5 Kh6 33. Bxf6 b4 34. Ne4 Rf8 35. g4 Bxf6 36. Nxf6 Kg5 37. h4+ Kxh4 38. Ke4 b3 39. axb3 a3 40. b4 Rb8 41. Ra6 Rxb4+ 42. Kd3 Kg5 43. Nxh7+ Kxg4 44. Rxg6+ Kf5 45. Ra6 Rh4 46. Ke3 Rh3+ 47. Bf3 Ke5 48. Ng5 Rg3 49. Ne4 Rg1 50. Rxa3 Re1+ 51. Kf2 Rc1 52. Ke3 Re1+ 53. Be2 Rxe2+ 54. Kxe2 Kxe4 55. Rd3 1-0